Valkyrie Apocalypse Personnages par Images - Statistiques

Statistiques générales
  • Ce quiz a été pris 30 fois
  • Le résultat moyen est 32 sur 155
Statistiques - réponses
Par images Réponse % Correct
Adam
94%
Jack l'Éventreur
94%
Lü Bu
94%
Thor
89%
Zeus
89%
Aphrodite
83%
Bouddha
83%
Shiva
83%
Arès
78%
Hadès
78%
Hermès
78%
Brunehilde
72%
Héraclès / Alcide
72%
Loki
72%
Nikola Tesla
72%
Odin
72%
Poséidon
72%
Léonidas
67%
Apollon
61%
Belzébuth
61%
Ève
56%
Kojiro Sasaki
56%
Michel de Nostredame / Nostradamus
56%
Göll
50%
Lucifer
50%
Susanoo
50%
Tameemon Raiden / Tarokichi Seki
50%
Zerofuku
44%
Adamas / Adamantine
39%
Albert Einstein
39%
Cerbère
39%
Heimdall
39%
Marie Curie
39%
Qin Shi Huang / Ying Zheng
39%
Samaël
39%
Soji Okita
39%
Wolfgang Amadeus Mozart
39%
Abel
33%
Caïn
33%
Le Serpent
33%
Mary
33%
Cronos
28%
Indra
28%
Kintoki Sakata
28%
Musashi Miyamoto
28%
Satan
28%
Thomas Edison
28%
Azazel
22%
Lièvre Rouge
22%
Lilith
22%
Thrud
22%
William Shakespeare
22%
Al
17%
Gaia
17%
Galilée
17%
Ganesh
17%
Göndul
17%
Hlökk
17%
Johann Sebastian Bach
17%
Liu Bei
17%
Mara / Hajun
17%
Randgrid
17%
Siegfried
17%
Alfred Nobel
11%
Alvit
11%
Anne
11%
Arthur Conan Doyle
11%
Castor
11%
Chun Yan
11%
Fafnir
11%
Geirölul
11%
Hrist
11%
Isaac Newton
11%
Michel-Ange
11%
Python
11%
Reginleif
11%
Angelina Tesla
6%
Cao Cao
6%
Cao Pi
6%
Chen Gong
6%
Chiyou
6%
Chunou
6%
Dane Tesla
6%
Ebisu
6%
Forseti
6%
Guan Yu
6%
Han Wudi / Liu Che
6%
Hugin
6%
Isami Kondo
6%
Kagekatsu Toda
6%
Kali
6%
Milka Tesla
6%
Munin
6%
Parvati
6%
Protée
6%
Rudra
6%
Seigen Toda
6%
Seijuro Yoshioka
6%
Sun Quan
6%
Zhang Fei
6%
Acalanatha
0%
Agni
0%
Amarnath
0%
Andras
0%
Benzaiten
0%
Bhutesha
0%
Bishamonten / Vaisravana
0%
Brahma
0%
Daikokuten
0%
Đuka Mandić
0%
Durga
0%
Flauros
0%
Fukurokuju
0%
Gangadhara
0%
Genpaku Sugita
0%
Hagis
0%
Hanemon Seki
0%
Han Gaozu / Liu Bang
0%
Hara
0%
Hokusai Katsushika
0%
Hongwu / Zhu Yuanzhang
0%
Hotei
0%
Inshun Hozoin
0%
Iori Miyamoto
0%
Ishana
0%
Ittosai Itto
0%
Jack Smith
0%
Jataka
0%
Jurojin
0%
Kagemasa Toda
0%
Kajinosuke Tanikaze
0%
Kapalin
0%
Ken Seki
0%
Kisaburo Onogawa
0%
Mahakala
0%
Mahatapas
0%
Maheshvara
0%
Marica Tesla
0%
Milutin Tesla
0%
Mrityunjaya
0%
Nagakundala
0%
Nishumbha
0%
Nobutsuna Kamiizumi
0%
Sekishusai Yagyu
0%
Sharabha
0%
Shumbha
0%
Suddhodana
0%
Toraji
0%
Trilochana
0%
Typhon
0%
Tyr
0%
Varuna
0%
Vishnu
0%
Xerxès
0%
Yohachi Urakaze
0%
Aucun quiz correspondant
Distribution des résultats
% des personnes avec chaque résultat
Percentile par nombre de réponses
Votre historique - résultats
Vous n’avez pas pris ce quiz